The boys start the war / (Record no. 1058)

MARC details
000 -LEADER
fixed length control field 01013nam a22002897a 4500
005 - DATE AND TIME OF LATEST TRANSACTION
control field 20230719135210.0
020 ## - INTERNATIONAL STANDARD BOOK NUMBER
International Standard Book Number 0385308140 :
Terms of availability $14.00 ($17.00 Can.)
040 ## - CATALOGING SOURCE
Original cataloging agency DLC
Transcribing agency DLC
Modifying agency DLC
Language of cataloging eng
050 00 - LIBRARY OF CONGRESS CALL NUMBER
Classification number PZ7.N24
Item number Bp 1993
082 00 - DEWEY DECIMAL CLASSIFICATION NUMBER
Classification number 478
Edition number 20
100 1# - MAIN ENTRY--PERSONAL NAME
Personal name Naylor, Phyllis Reynolds.
245 14 - TITLE STATEMENT
Title The boys start the war /
Statement of responsibility, etc. Phyllis Reynolds Naylor.
250 ## - EDITION STATEMENT
Edition statement First Scholastic printing, October 2006
260 ## - PUBLICATION, DISTRIBUTION, ETC.
Place of publication, distribution, etc. New York :
Name of publisher, distributor, etc. Scholastic,
Date of publication, distribution, etc. 2006.
300 ## - PHYSICAL DESCRIPTION
Extent 133 pages ;
Dimensions 20 cm.
505 ## - FORMATTED CONTENTS NOTE
Formatted contents note R <br/>
520 ## - SUMMARY, ETC.
Summary, etc. Disgusted that a family with three girls moves into the house across the river, nine-year-old Wally and his three brothers declare a practical joke war on the girls.
521 ## - TARGET AUDIENCE NOTE
Target audience note 740 <br/>
Source Lexile <br/>
521 ## - TARGET AUDIENCE NOTE
Target audience note R <br/>
Source Raz-Plus <br/>
650 #1 - SUBJECT ADDED ENTRY--TOPICAL TERM
Topical term or geographic name entry element Practical jokes
Form subdivision Fiction.
650 #1 - SUBJECT ADDED ENTRY--TOPICAL TERM
Topical term or geographic name entry element Brothers
Form subdivision Fiction.
650 #1 - SUBJECT ADDED ENTRY--TOPICAL TERM
Topical term or geographic name entry element Sisters
Form subdivision Fiction.
906 ## - LOCAL DATA ELEMENT F, LDF (RLIN)
a 7
b cbc
c orignew
d 1
e ocip
f 19
g y-gencatlg
942 ## - ADDED ENTRY ELEMENTS (KOHA)
Source of classification or shelving scheme Dewey Decimal Classification
Koha item type Books
Suppress in OPAC No
999 ## -
-- 1058
-- 1058
Holdings
Withdrawn status Lost status Source of classification or shelving scheme Damaged status Not for loan Collection Home library Current library Shelving location Date acquired Total Checkouts Full call number Barcode Date last seen Date last checked out Copy number Price effective from Koha item type
    Dewey Decimal Classification     Juvenile Fiction Footprints International School Library Network Toul Kork Campus Footprints International School Library Network Toul Kork Campus TK Primary Library Room(4th Floor), Bookcase 5&6, Shelves 33-56, Orange Books 07/19/2023 1 NAY 478 PZ7.N24 FISTK04974 01/12/2024 09/27/2023 1 07/19/2023 Books
    Dewey Decimal Classification     Juvenile Fiction Footprints International School Library Network Toul Kork Campus Footprints International School Library Network Toul Kork Campus   06/06/2024   NAY 478 PZ7.N24 2024-0821 06/06/2024   2 06/06/2024 Books